Los Archivos de oficina : una síntesis para su gestión / Francisco José Sanchís Moreno una síntesis para su gestión / Francisco José Sanchís Moreno
ISBN:
84-8002-845-9
Descripción Física:
325 p. ; 22 cm
Materias:
Arxius d'oficina -- Organització
MARC
| LEADER | 00000nam a2200000Ia 4500 | ||
|---|---|---|---|
| 001 | 12826 | ||
| 008 | 160829s1999 xx 000 0 cat d | ||
| 020 | |a 84-8002-845-9 | ||
| 080 | |a A-1-230 | ||
| 100 | |a Sanchís Moreno, Francisco José |9 25173 | ||
| 245 | |a Los Archivos de oficina : |b una síntesis para su gestión / Francisco José Sanchís Moreno | ||
| 260 | |a Valencia : |b Tirant lo Blanch, |c 1999 | ||
| 300 | |a 325 p. ; |c 22 cm | ||
| 590 | |a Bibliografia | ||
| 650 | |a Arxius d'oficina |x Organització |9 25174 | ||
| 901 | |a Arxiu | ||
| 942 | |n 1 | ||
| 952 | |0 0 |1 0 |4 0 |6 A1230 |7 1 |9 43482 |a Arxiu |b Arxiu |d 2016-12-01 |l 0 |o A-1-230 |p 12826 |r 2016-12-01 00:00:00 |w 2016-12-01 |y ARXIU | ||
| 999 | |c 46028 |d 46028 | ||